Repensando la desigualdad: alternativas contra la pobreza desde el sur /

El siguiente artículo desarrolla un análisis de los diferentes enfoques y aportes teóricos en materia de estudio de la desigualdad, de forma tal que pueda reconceptualizarse el fenómeno de cara a los tiempos más avanzados de la modernidad. El artículo finaliza con una reflexión de la desigualdad y s...

ver descrição completa

Na minha lista:
Detalhes bibliográficos
Autor principal: Vázquez Fernández, Salvador
Formato: Texto
Assuntos:
Tags: Adicionar Tag
Sem tags, seja o primeiro a adicionar uma tag!

MARC

LEADER 00000 a a2200000 04500
001 44676
003
040
100 |a Vázquez Fernández, Salvador  
245 |a Repensando la desigualdad:   |b alternativas contra la pobreza desde el sur /  |c Salvador Vázquez Fernández  
520 |a El siguiente artículo desarrolla un análisis de los diferentes enfoques y aportes teóricos en materia de estudio de la desigualdad, de forma tal que pueda reconceptualizarse el fenómeno de cara a los tiempos más avanzados de la modernidad. El artículo finaliza con una reflexión de la desigualdad y subordinación pensada desde los países del sur.  
590 |a RRH/ENERO2014  
650 |a 1.PODER  
650 |a 2.DESIGUALDAD SOCIAL  
650 |a 3.MERCADO  
650 |a 4.CAPITALISMO  
650 |a 5.MODERNIDAD  
650 |a 6.CLASES SOCIALES  
650 |a 7.EXCLUSION SOCIAL  
773 |g páginas 389-413  
999 |c 28410  |d 28410